[Event "41st Olympiad Women 2014"]
[Site "Tromso NOR"]
[Date "2014.08.08"]
[Round "6.9"]
[Board "1"]
[White "Peptan, Corina-Isabela"]
[Black "Seps, Monika"]
[Result "1-0"]
[WhiteTitle "IM"]
[BlackTitle "WIM"]
[WhiteElo "2422"]
[BlackElo "2236"]
[WhiteTeam "Romania"]
[BlackTeam "Switzerland"]
[WhiteFideId "1201930"]
[BlackFideId "1308521"]
[EventDate "2014.08.02"]

1. d4 Nf6 2. Nf3 g6 3. Nbd2 d5 4. e3 Bg7 5. b4 O-O 6. c4 c6 7. Be2 Ne4 8. Qb3 h6
9. O-O Nxd2 10. Bxd2 Bf5 11. Rac1 dxc4 12. Bxc4 Be4 13. Ne1 b5 14. Bd3 Bd5 15.
Qb2 Qb6 16. Nc2 e5 17. dxe5 Nd7 18. Bc3 c5 19. Rfd1 Qb7 20. Bf1 c4 21. e6 Bxc3
22. exf7+ Rxf7 23. Qxc3 Raf8 24. f3 Nf6 25. e4 Bc6 26. Ne3 Kh7 27. Rc2 h5 28. a3
Qe7 29. Qd4 a6 30. Qb6 Bb7 31. Rcd2 Qe5 32. Qd4 Qf4 33. e5 Qxd4 34. Rxd4 Ng8 35.
Rd7 Bc8 36. Rxf7+ Rxf7 37. Rd8 Ne7 38. Kf2 Kg7 39. g3 g5 40. Nc2 Bb7 41. Be2 Nc6
42. Rd5 Nxb4 43. Nxb4 Bxd5 44. Nxd5 Rd7 45. Nc3 Rd2 46. f4 g4 47. f5 Rc2 48. Ne4
Ra2 49. e6 c3 50. f6+ 1-0

[Event "41st Olympiad Women 2014"]
[Site "Tromso NOR"]
[Date "2014.08.08"]
[Round "6.9"]
[Board "2"]
[White "Hund, Barbara"]
[Black "Foisor, Cristina-Adela"]
[Result "0-1"]
[WhiteTitle "WGM"]
[BlackTitle "IM"]
[WhiteElo "2153"]
[BlackElo "2404"]
[WhiteTeam "Switzerland"]
[BlackTeam "Romania"]
[WhiteFideId "1301446"]
[BlackFideId "1200496"]
[EventDate "2014.08.02"]

1. e4 c6 2. d4 g6 3. Nc3 Bg7 4. g3 d6 5. Bg2 Nf6 6. Nge2 O-O 7. O-O e5 8. h3
Nbd7 9. a4 a5 10. Be3 Re8 11. Qd2 Qc7 12. Rad1 Nf8 13. dxe5 dxe5 14. Qd6 Qxd6
15. Rxd6 Ne6 16. Rfd1 Bf8 17. R6d3 Bb4 18. Na2 Bc5 19. Bh6 b6 20. R3d2 Kh8 21.
Nac1 g5 22. h4 Ng4 23. hxg5 Nxf2 24. Kf1 Nxd1 25. Rxd1 Ba6 26. Nd3 Rad8 27. Bh3
Bxd3 28. cxd3 Be3 29. Kg2 f6 30. Bf5 Bxg5 31. Rh1 Rxd3 32. Rh5 Bxh6 33. Rxh6 Ng5
34. Rxf6 Rd2 35. Kf1 Rxb2 36. Rxc6 Rd8 37. Rc4 Rd1+ 38. Kf2 Rdd2 39. Bg4 Rbc2
40. Rxc2 Rxc2 41. Bf5 Ra2 42. g4 Kg7 43. Ke3 Rxa4 44. Nc3 Ra3 45. Kd2 Nf3+ 46.
Kc2 Nd4+ 47. Kd2 Nxf5 48. exf5 Rxc3 49. Kxc3 Kf6 0-1

[Event "41st Olympiad Women 2014"]
[Site "Tromso NOR"]
[Date "2014.08.08"]
[Round "6.9"]
[Board "3"]
[White "Bulmaga, Irina"]
[Black "De Seroux, Camille"]
[Result "1-0"]
[WhiteTitle "IM"]
[BlackTitle "WFM"]
[WhiteElo "2354"]
[BlackElo "2129"]
[WhiteTeam "Romania"]
[BlackTeam "Switzerland"]
[WhiteFideId "13903063"]
[BlackFideId "1305620"]
[EventDate "2014.08.02"]

1. e4 c5 2. Nf3 Nc6 3. d4 cxd4 4. Nxd4 Nf6 5. Nc3 d6 6. Bg5 e6 7. Qd2 a6 8.
O-O-O Qb6 9. Bxf6 gxf6 10. Nb3 Bd7 11. f4 O-O-O 12. Bd3 Kb8 13. Kb1 Na5 14. Qe2
Nxb3 15. axb3 h5 16. f5 Qa5 17. Rhf1 Be7 18. Rf3 Rdg8 19. Rh3 h4 20. Qf2 Bc8 21.
Rxh4 Rxh4 22. Qxh4 Rxg2 23. Qh7 exf5 24. Nd5 fxe4 25. Qxe4 Rg4 26. Qf3 Bd8 27.
b4 Qa4 28. Bf5 Bxf5 29. Qxf5 Rg2 30. h4 a5 31. Qe4 Rh2 32. b3 Qd7 33. Qf4 Re2
34. bxa5 Bxa5 35. h5 Qc6 36. Qf5 Re5 37. Qf3 Qe8 38. h6 Qh8 39. Qxf6 Re8 40.
Qxd6+ Ka8 41. Qa3 1-0

[Event "41st Olympiad Women 2014"]
[Site "Tromso NOR"]
[Date "2014.08.08"]
[Round "6.9"]
[Board "4"]
[White "Stoeri, Laura"]
[Black "Cosma, Elena-Luminita"]
[Result "0-1"]
[WhiteTitle "WFM"]
[BlackTitle "WGM"]
[WhiteElo "2123"]
[BlackElo "2327"]
[WhiteTeam "Switzerland"]
[BlackTeam "Romania"]
[WhiteFideId "1304313"]
[BlackFideId "1201590"]
[EventDate "2014.08.02"]

1. e4 e6 2. d4 d5 3. Nc3 Bb4 4. a3 Bxc3+ 5. bxc3 dxe4 6. Qg4 Nf6 7. Qxg7 Rg8 8.
Qh6 Nbd7 9. Ne2 c5 10. Ng3 Qc7 11. Qd2 b6 12. a4 Bb7 13. Bb2 O-O-O 14. O-O-O Ne5
15. Qe2 cxd4 16. cxd4 Nd3+ 17. Rxd3 exd3 18. Qxd3 h5 19. f3 h4 20. Ne2 Nd5 21.
Kb1 Kb8 22. c4 Nf4 23. Nxf4 Qxf4 24. h3 Rd7 25. Qc2 Qg3 26. Bc3 Ka8 27. Bd3 Qxg2
28. Qxg2 Rxg2 29. Be4 Bxe4+ 30. fxe4 Re2 31. Rg1 Rxe4 32. Kc2 Re3 33. Rg4 Rxh3
34. Be1 f5 35. Rf4 Rc7 0-1

[Event "41st Olympiad Women 2014"]
[Site "Tromso NOR"]
[Date "2014.08.08"]
[Round "6.10"]
[Board "1"]
[White "Danielian, Elina"]
[Black "Marrero Lopez, Yaniet"]
[Result "1-0"]
[WhiteTitle "GM"]
[BlackTitle "WGM"]
[WhiteElo "2490"]
[BlackElo "2324"]
[WhiteTeam "Armenia"]
[BlackTeam "Cuba"]
[WhiteFideId "13300210"]
[BlackFideId "3503950"]
[EventDate "2014.08.02"]

1. d4 Nf6 2. Nf3 e6 3. e3 g6 4. c4 Bg7 5. Nc3 O-O 6. Be2 d6 7. O-O Nfd7 8. b4 f5
9. Qb3 Nf6 10. d5 Ne4 11. Bb2 Nxc3 12. Bxc3 Bxc3 13. Qxc3 e5 14. c5 Nd7 15. Rac1
Nf6 16. cxd6 cxd6 17. Ng5 h6 18. Nh3 Bd7 19. f4 e4 20. Nf2 Qb6 21. h3 Rac8 22.
Qd2 Bb5 23. Bxb5 Qxb5 24. Qd4 Qxd5 25. Rxc8 Qxd4 26. Rxf8+ Kxf8 27. exd4 Nd5 28.
a3 b5 29. Rc1 Nxf4 30. Kf1 Nd5 31. Nd1 Ke7 32. Nc3 Ne3+ 33. Kf2 Nc4 34. Nxb5 d5
35. Nxa7 Nxa3 36. Rc7+ Kf6 37. b5 Nc4 1-0

[Event "41st Olympiad Women 2014"]
[Site "Tromso NOR"]
[Date "2014.08.08"]
[Round "6.10"]
[Board "2"]
[White "Pina Vega, Sulennis"]
[Black "Mkrtchian, Lilit"]
[Result "0-1"]
[WhiteTitle "WGM"]
[BlackTitle "IM"]
[WhiteElo "2270"]
[BlackElo "2453"]
[WhiteTeam "Cuba"]
[BlackTeam "Armenia"]
[WhiteFideId "3503151"]
[BlackFideId "13300601"]
[EventDate "2014.08.02"]

1. Nf3 d5 2. g3 Nc6 3. Bg2 e5 4. d3 Nf6 5. O-O h6 6. Nbd2 Bc5 7. e4 dxe4 8. dxe4
O-O 9. h3 a5 10. c3 b6 11. Re1 Ba6 12. Nh4 Ne7 13. Nf1 Qxd1 14. Rxd1 Bb7 15. Re1
Rad8 16. Be3 Bxe3 17. Rxe3 Rd7 18. Nf3 Ng6 19. N3h2 Rfd8 20. Ree1 Ba6 21. Ng4
Nxg4 22. hxg4 Bxf1 23. Kxf1 Nf8 24. Bf3 Ne6 25. Rad1 Rd2 26. Rxd2 Rxd2 27. Re2
Rd1+ 28. Re1 Rd2 29. Re2 Rd3 30. Bg2 Kf8 31. Ke1 Ke7 32. Rd2 Rxd2 33. Kxd2 Kd6
34. Bf1 Kc5 35. Ke3 b5 36. f4 f6 37. f5 Ng5 38. Be2 Nf7 39. b3 b4 40. c4 Nd6 41.
Bd1 Nxc4+ 42. bxc4 Kxc4 43. Kd2 Kd4 44. Bc2 c5 45. Bb1 a4 46. Bc2 a3 47. Kc1 c4
48. Kb1 Ke3 0-1

[Event "41st Olympiad Women 2014"]
[Site "Tromso NOR"]
[Date "2014.08.08"]
[Round "6.10"]
[Board "3"]
[White "Galojan, Lilit"]
[Black "Vigoa Apecheche, Yanira"]
[Result "0-1"]
[WhiteTitle "IM"]
[BlackTitle "WGM"]
[WhiteElo "2275"]
[BlackElo "2317"]
[WhiteTeam "Armenia"]
[BlackTeam "Cuba"]
[WhiteFideId "13301314"]
[BlackFideId "3507041"]
[EventDate "2014.08.02"]

1. d4 Nf6 2. c4 c5 3. Nf3 g6 4. Nc3 cxd4 5. Nxd4 Bg7 6. e4 d6 7. Be2 O-O 8. Be3
Nc6 9. O-O Bd7 10. Nb3 Rc8 11. c5 dxc5 12. Nxc5 Be8 13. Nxb7 Qxd1 14. Rfxd1 Rb8
15. Nc5 Rxb2 16. Rab1 Rxb1 17. Rxb1 Nd7 18. N3a4 Nxc5 19. Nxc5 Nd4 20. Ba6 Bc6
21. Kf1 e5 22. f3 Rd8 23. Rd1 Rb8 24. Nb3 Ba4 25. Bc4 Rc8 26. Bd5 Rc3 27. Kf2
Bf8 28. Rc1 Rxe3 29. Bxf7+ Kxf7 30. Rc7+ Kg8 31. Kxe3 Nxb3 32. axb3 Bxb3 33. Kd3
a5 34. Kc3 Bf7 35. Ra7 Bb4+ 36. Kb2 g5 37. Kc2 Kg7 38. Ra6 h5 39. g3 h4 40. Ra7
hxg3 41. hxg3 Kf6 42. Ra6+ Be6 43. Kd3 Ke7 44. Ra7+ Bd7 45. Kc4 Kd6 46. Ra8 Be1
47. g4 a4 48. Ra6+ Bc6 49. Ra7 Bd2 50. Rh7 Bd7 51. Rh2 Be6+ 52. Kb5 Bf4 53. Rh1
a3 54. Kb4 a2 55. Rd1+ Ke7 56. Kc3 Be3 0-1

[Event "41st Olympiad Women 2014"]
[Site "Tromso NOR"]
[Date "2014.08.08"]
[Round "6.10"]
[Board "4"]
[White "Arribas Robaina, Maritza"]
[Black "Kursova, Maria"]
[Result "1/2-1/2"]
[WhiteTitle "WGM"]
[BlackTitle "WGM"]
[WhiteElo "2291"]
[BlackElo "2313"]
[WhiteTeam "Cuba"]
[BlackTeam "Armenia"]
[WhiteFideId "3501418"]
[BlackFideId "4129709"]
[EventDate "2014.08.02"]

1. Nf3 c5 2. g3 Nc6 3. Bg2 g6 4. c4 Bg7 5. O-O e5 6. Nc3 d6 7. d3 Nge7 8. a3 O-O
9. Rb1 a5 10. Ne1 Be6 11. Nd5 Rb8 12. Nc2 b5 13. Nce3 Qd7 14. Bd2 b4 15. axb4
axb4 16. Ra1 e4 17. Bxe4 Bxb2 18. Ra6 Bg7 19. Qa4 Rfd8 20. Rxc6 Nxc6 21. Qxc6
Qa7 22. Qc7 Rd7 23. Qxa7 Rxa7 24. Rb1 b3 25. Nc3 b2 26. Kg2 Ra1 27. Ned1 Ra3 28.
Nb5 Ra1 29. Nbc3 Ra3 30. Nb5 Ra1 31. Nbc3 Ra3 32. Bf3 Rbb3 33. h4 h5 34. Bc6 Kf8
35. Ba4 Bxc3 36. Bxb3 Bxd2 37. Rxb2 Bb4 38. Ne3 Ra7 39. Ra2 Rb7 40. Ra8+ Ke7 41.
Ba4 Bd2 42. Bc6 Rc7 43. Be4 Bxe3 44. fxe3 Kf6 45. Kf2 Ke5 46. Bf3 Re7 47. Ke1
Bg4 48. Bc6 Rc7 49. Bg2 Bd7 50. Ra5 Kf6 51. Kf2 Rc8 52. Bd5 Be6 53. Bb7 Rc7 54.
Bf3 Rc8 55. Rb5 Bg4 56. Rb6 Bxf3 57. exf3 Ke7 58. f4 Ra8 59. Kf3 Ra1 60. Rb7+
Ke6 61. d4 cxd4 62. exd4 Ra3+ 63. Kf2 f6 64. Rb6 Ra4 65. d5+ Kf5 66. Rxd6 Rxc4
67. Rc6 Rd4 68. d6 Kg4 69. Ke3 Rd1 70. Ke2 Rd5 71. Ke3 Kxg3 72. Ke4 Rd1 73. Rc3+
Kxh4 74. Rd3 Re1+ 75. Kd5 Re8 76. d7 Rd8 77. Ke6 Kg4 78. Rd4 f5 79. Ke7 Rxd7+
80. Kxd7 h4 81. Ke6 h3 82. Ke5 g5 83. fxg5+ Kxg5 84. Rf4 h2 85. Rxf5+ Kg4 86.
Rf1 Kg3 87. Ra1 Kg2 88. Ra2+ Kg3 89. Ra1 Kg2 90. Ra2+ Kg3 91. Ke4 1/2-1/2

[Event "41st Olympiad Women 2014"]
[Site "Tromso NOR"]
[Date "2014.08.08"]
[Round "6.11"]
[Board "1"]
[White "Dzagnidze, Nana"]
[Black "Reizniece-Ozola, Dana"]
[Result "1-0"]
[WhiteTitle "GM"]
[BlackTitle "WGM"]
[WhiteElo "2550"]
[BlackElo "2278"]
[WhiteTeam "Georgia"]
[BlackTeam "Latvia"]
[WhiteFideId "13601903"]
[BlackFideId "11601124"]
[EventDate "2014.08.02"]

1. d4 Nf6 2. c4 g6 3. Nc3 Bg7 4. g3 O-O 5. Bg2 d6 6. Nf3 Nc6 7. O-O a6 8. Bf4
Rb8 9. Rc1 b5 10. Nd5 Bd7 11. Nxf6+ Bxf6 12. c5 e5 13. Bh6 Re8 14. d5 Nd4 15.
Nxd4 exd4 16. Qd2 Qe7 17. cxd6 cxd6 18. Bf3 Rbc8 19. h4 Rc4 20. Qa5 Ra4 21. Qb6
Rxa2 22. Rc7 Rd8 23. Bg4 Qe8 24. Rxd7 Rxd7 25. Bxd7 Qxd7 26. Rc1 Qe8 27. Qc6 Qd8
28. Qb7 d3 29. exd3 Qe8 30. Rc8 Ra1+ 31. Kg2 Bd8 32. Qb8 1-0

[Event "41st Olympiad Women 2014"]
[Site "Tromso NOR"]
[Date "2014.08.08"]
[Round "6.11"]
[Board "2"]
[White "Rogule, Laura"]
[Black "Javakhishvili, Lela"]
[Result "0-1"]
[WhiteTitle "WGM"]
[BlackTitle "IM"]
[WhiteElo "2347"]
[BlackElo "2478"]
[WhiteTeam "Latvia"]
[BlackTeam "Georgia"]
[WhiteFideId "11601876"]
[BlackFideId "13601458"]
[EventDate "2014.08.02"]

1. Nf3 Nf6 2. c4 b6 3. d4 e6 4. g3 Ba6 5. Qa4 Bb7 6. Bg2 c5 7. dxc5 bxc5 8. O-O
Be7 9. Nc3 a6 10. Rd1 Qb6 11. Bf4 O-O 12. Qc2 d6 13. Rd2 Rd8 14. Rad1 h6 15. Na4
Qc7 16. Qb3 Ne4 17. Rd3 Nd7 18. Nd2 Rab8 19. Qc2 Nxd2 20. R3xd2 Bxg2 21. Kxg2
Qc6+ 22. f3 Nf8 23. Nc3 Ng6 24. Be3 f5 25. Qa4 Qc8 26. Qc2 Ne5 27. b3 Nc6 28.
Bf2 Nb4 29. Qc1 Qc7 30. e4 Rf8 31. Re2 Qb7 32. e5 d5 33. cxd5 exd5 34. Nxd5 Nxd5
35. Qc4 Qb5 36. Rxd5 Qxc4 37. bxc4 Rfc8 38. Rd7 Kf8 39. Be1 Rd8 40. Rd5 Rb1 41.
Ba5 Rdb8 42. e6 g6 43. Bc3 Rc1 44. Bd2 Rxc4 45. Bxh6+ Ke8 46. Bf4 Rb6 47. Rd7
Rxe6 48. Rxe6 Kxd7 49. Rxa6 Rc2+ 50. Kh3 g5 51. Be5 c4 52. Bd4 Rd2 53. Be5 Rd3
54. Ra7+ Ke6 55. Bg7 Rxf3 56. Kg2 Rd3 57. Rc7 Rd2+ 58. Kh1 Rc2 59. a4 Bd6 60.
Rc8 Kd7 61. Rg8 f4 62. gxf4 gxf4 63. h4 f3 64. Bd4 Rd2 65. Be3 Re2 66. Bd4 Re4
67. Bf2 c3 68. Rg1 Re2 69. Rf1 c2 70. a5 Rxf2 0-1

[Event "41st Olympiad Women 2014"]
[Site "Tromso NOR"]
[Date "2014.08.08"]
[Round "6.11"]
[Board "3"]
[White "Melia, Salome"]
[Black "Berzina, Ilze"]
[Result "1-0"]
[WhiteTitle "IM"]
[BlackTitle "WGM"]
[WhiteElo "2475"]
[BlackElo "2247"]
[WhiteTeam "Georgia"]
[BlackTeam "Latvia"]
[WhiteFideId "13602446"]
[BlackFideId "11601345"]
[EventDate "2014.08.02"]

1. e4 c6 2. d4 d5 3. Nc3 dxe4 4. Nxe4 Nd7 5. Ng5 Ngf6 6. Bd3 e6 7. N1f3 Bd6 8.
Qe2 h6 9. Ne4 Nxe4 10. Qxe4 Nf6 11. Qe2 b6 12. Bd2 Bb7 13. O-O-O Qc7 14. Ne5
O-O-O 15. f4 c5 16. dxc5 Bxc5 17. Kb1 Nd5 18. Rhf1 Kb8 19. a3 Ka8 20. c4 Nf6 21.
Be1 Rhe8 22. g4 Rd4 23. Bc3 Rdd8 24. g5 Ng8 25. Be4 f6 26. Ng6 hxg5 27. fxg5 e5
28. h4 Bd4 29. Bxd4 exd4 30. Rxd4 Rxd4 31. Bxb7+ Kxb7 32. Qxe8 Qxc4 33. Rc1 Qd3+
34. Ka1 Rd8 35. Qc6+ Kb8 36. Qc7+ Ka8 37. Nf4 Qd2 38. Ne6 Rb8 39. Qc6+ Rb7 40.
Qc8+ 1-0

[Event "41st Olympiad Women 2014"]
[Site "Tromso NOR"]
[Date "2014.08.08"]
[Round "6.11"]
[Board "4"]
[White "Skinke, Katrina"]
[Black "Batsiashvili, Nino"]
[Result "1-0"]
[WhiteTitle "WIM"]
[BlackTitle "IM"]
[WhiteElo "2217"]
[BlackElo "2435"]
[WhiteTeam "Latvia"]
[BlackTeam "Georgia"]
[WhiteFideId "11602260"]
[BlackFideId "13602993"]
[EventDate "2014.08.02"]

1. e4 e5 2. Nf3 Nc6 3. d4 exd4 4. Nxd4 Bb4+ 5. c3 Bc5 6. Be3 Bb6 7. Bc4 Nf6 8.
Nxc6 bxc6 9. Bxb6 axb6 10. e5 Ne4 11. Qe2 Nc5 12. O-O O-O 13. b4 Nb7 14. Nd2 d5
15. Bd3 Qe7 16. f4 f5 17. a4 c5 18. c4 d4 19. b5 Be6 20. Rf3 Ra7 21. Qd1 Na5 22.
Rh3 Qf7 23. Qc2 c6 24. Be2 Rd8 25. Rha3 Rda8 26. Bd3 h6 27. Be2 Rf8 28. Rb1 cxb5
29. axb5 Rd7 30. Rg3 Rfd8 31. Bd3 Ra7 32. Ra1 Rda8 33. Be2 Nb7 34. Rxa7 Rxa7 35.
Qb2 Ra4 36. Ra3 Rxa3 37. Qxa3 Na5 38. Qc1 Qa7 39. Qa3 Qf7 40. Qc1 Kf8 41. Bd3
Ke7 42. Qf1 g5 43. g3 Qg8 44. Kf2 g4 45. Qg2 h5 46. Kg1 Kd7 47. Kf2 Kc7 48. Qf1
Kb8 49. Qc1 Qh7 50. Qg1 h4 51. gxh4 Qxh4+ 52. Qg3 Qh6 53. Kg1 Kc7 54. Kf2 Qh8
55. Qg2 Kb8 56. Kg3 Qg8 57. Qf1 Qf7 58. Kf2 Qa7 59. Qg2 Qe7 60. Kg3 Qf7 61. Qe2
Qa7 62. Qf1 Nb7 63. Qc1 Qa5 64. Kh4 Qb4 65. Kg5 Na5 66. Kf6 Qc3 67. Qxc3 dxc3
68. Nb1 Bxc4 69. Bxf5 Bxb5 70. Nxc3 Bc6 71. e6 b5 72. e7 b4 73. Nd1 Nc4 74. Bxg4
Nd6 75. Be6 c4 76. Ke5 Kc7 77. f5 c3 78. Ne3 Ba4 79. Nd5+ Kc6 80. Nxb4+ Kc5 81.
Nd3+ Kc6 82. f6 Kc7 83. f7 Nxf7+ 84. Bxf7 c2 85. e8=Q 1-0

[Event "41st Olympiad Women 2014"]
[Site "Tromso NOR"]
[Date "2014.08.08"]
[Round "6.12"]
[Board "1"]
[White "Rodriguez Rueda, Paula Andrea"]
[Black "Goossens, Hanne"]
[Result "1/2-1/2"]
[WhiteTitle "WIM"]
[BlackTitle "WFM"]
[WhiteElo "2368"]
[BlackElo "2178"]
[WhiteTeam "Colombia"]
[BlackTeam "Belgium"]
[WhiteFideId "4404564"]
[BlackFideId "200468"]
[EventDate "2014.08.02"]

1. d4 Nf6 2. c4 e6 3. Nc3 Bb4 4. e3 O-O 5. Bd3 d5 6. Nf3 b6 7. O-O Bb7 8. cxd5
exd5 9. Qc2 a6 10. Ne2 Nbd7 11. b3 Bd6 12. Bb2 Re8 13. Rac1 Rc8 14. Qb1 Qe7 15.
Bf5 g6 16. Bd3 Nh5 17. Rfe1 f5 18. Nf4 Nhf6 19. h4 Ne4 20. g3 Rf8 21. Kg2 Rce8
22. a3 Qg7 23. b4 b5 24. Rh1 Nb6 25. Ng5 Nxg5 26. hxg5 Nc4 27. Rh6 Qe7 28. Rch1
Bxf4 29. exf4 Rf7 30. Bc3 Qd7 31. g4 Qd6 32. Qc1 Re6 33. gxf5 gxf5 34. Rxe6 Qxe6
35. Rh6 Qe7 36. Qh1 Nd6 37. Kf1 Rg7 38. Qh3 Bc8 39. Be1 Rg6 40. Qh5 Qg7 41. Bc3
Be6 42. Rxg6 hxg6 43. Qe2 Ne4 44. Bxe4 fxe4 45. Ke1 Qh7 46. Qf1 Bg4 47. Bd2 Qd7
48. Be3 Qc6 49. Kd2 Bf5 1/2-1/2

[Event "41st Olympiad Women 2014"]
[Site "Tromso NOR"]
[Date "2014.08.08"]
[Round "6.12"]
[Board "2"]
[White "Morozova, Iuliia"]
[Black "Franco Valencia, Beatriz Irene"]
[Result "0-1"]
[WhiteTitle "WFM"]
[BlackTitle "WIM"]
[WhiteElo "2060"]
[BlackElo "2210"]
[WhiteTeam "Belgium"]
[BlackTeam "Colombia"]
[WhiteFideId "14104946"]
[BlackFideId "4402618"]
[EventDate "2014.08.02"]

1. d4 d6 2. Nf3 Nf6 3. c4 g6 4. Nc3 Bg7 5. e4 c6 6. Be2 Qc7 7. h3 e5 8. Be3 O-O
9. d5 c5 10. Qd2 a6 11. g4 Re8 12. Nh4 Qe7 13. O-O-O b5 14. cxb5 axb5 15. Bxb5
Bd7 16. Bh6 Bxb5 17. Nf5 gxf5 18. gxf5 Bxh6 19. Qxh6 Kh8 20. Nxb5 Rg8 21. Nc7
Rxa2 22. Kc2 Ra7 23. Nb5 Rb7 24. Nc3 Nbd7 25. Rd3 c4 26. Rg3 Rxg3 27. fxg3 Nc5
28. Ra1 Rb8 29. Ra7 Qxa7 30. Qxf6+ Kg8 31. Qg5+ Kf8 32. f6 Nd7 33. g4 Qf2+ 0-1

[Event "41st Olympiad Women 2014"]
[Site "Tromso NOR"]
[Date "2014.08.08"]
[Round "6.12"]
[Board "3"]
[White "Rivera, Ingris"]
[Black "Barbier, Wiebke"]
[Result "1-0"]
[WhiteTitle "WIM"]
[WhiteElo "2210"]
[BlackElo "1944"]
[WhiteTeam "Colombia"]
[BlackTeam "Belgium"]
[WhiteFideId "4402472"]
[BlackFideId "207977"]
[EventDate "2014.08.02"]

1. d4 d6 2. Nf3 Nf6 3. c4 Nbd7 4. Nc3 e5 5. g3 Be7 6. Bg2 O-O 7. O-O c6 8. e4 a6
9. a4 a5 10. h3 Re8 11. Be3 Bf8 12. Qc2 Qc7 13. Rad1 g6 14. Kh2 Bg7 15. Rfe1
exd4 16. Nxd4 Nc5 17. Bf4 Nh5 18. Be3 Bd7 19. Rd2 Rad8 20. Red1 Ne6 21. Nb3 Bc8
22. f4 Nf8 23. Nd4 Ne6 24. Nxe6 Bxe6 25. Qb3 Qe7 26. Bb6 Rd7 27. Bxa5 Ra8 28.
Bb6 Bh6 29. Ne2 Ra6 30. a5 Nf6 31. Qc2 Ne8 32. Nd4 Bf8 33. f5 Bh6 34. fxe6 fxe6
35. Rf2 e5 36. Ne2 Nf6 37. b4 Ra8 38. b5 c5 39. Rdf1 Bg7 40. Nc3 Qe6 41. Qb3 g5
42. Ra2 g4 43. Nd5 Nh5 44. Nc7 1-0

[Event "41st Olympiad Women 2014"]
[Site "Tromso NOR"]
[Date "2014.08.08"]
[Round "6.12"]
[Board "4"]
[White "Dierckens, Sarah"]
[Black "Castrillon Gomez, Melissa"]
[Result "0-1"]
[BlackTitle "WIM"]
[WhiteElo "1873"]
[BlackElo "2168"]
[WhiteTeam "Belgium"]
[BlackTeam "Colombia"]
[WhiteFideId "205745"]
[BlackFideId "4402413"]
[EventDate "2014.08.02"]

1. e4 c5 2. Nf3 d6 3. d4 Nf6 4. Nc3 cxd4 5. Nxd4 g6 6. f3 Bg7 7. Be3 O-O 8. Qd2
Nc6 9. O-O-O d5 10. Nxc6 bxc6 11. exd5 Nxd5 12. Nxd5 cxd5 13. Qxd5 Qc7 14. Qxa8
Bf5 15. Qxf8+ Kxf8 16. Bd3 Qe5 17. Kd2 Bxd3 18. Kxd3 Qxb2 19. Ke2 f5 20. Bxa7
Qxa2 21. Be3 Qc4+ 22. Ke1 Bf6 23. g3 Qxc2 24. Bd2 g5 25. Rf1 g4 26. Rf2 Ke8 27.
fxg4 Qe4+ 28. Kf1 Bd4 29. Rf4 Qd3+ 30. Ke1 e5 31. Rxd4 exd4 32. gxf5 Qf3 33. Bf4
d3 34. Rd2 Qe4+ 35. Kf2 Kf7 36. Rb2 Qd4+ 0-1

[Event "41st Olympiad Women 2014"]
[Site "Tromso NOR"]
[Date "2014.08.08"]
[Round "6.13"]
[Board "1"]
[White "Harika, Dronavalli"]
[Black "Vega Gutierrez, Sabrina"]
[Result "1-0"]
[WhiteTitle "GM"]
[BlackTitle "IM"]
[WhiteElo "2521"]
[BlackElo "2395"]
[WhiteTeam "India"]
[BlackTeam "Spain"]
[WhiteFideId "5015197"]
[BlackFideId "2219026"]
[EventDate "2014.08.02"]

1. Nf3 Nf6 2. c4 g6 3. g3 Bg7 4. Bg2 c6 5. O-O O-O 6. d4 d5 7. Ne5 Be6 8. cxd5
Bxd5 9. Bh3 Nfd7 10. Nd2 Nxe5 11. dxe5 c5 12. f4 f6 13. e4 Bc6 14. Qe2 Qd4+ 15.
Rf2 Rd8 16. exf6 exf6 17. Bg2 Na6 18. Nf1 Qd3 19. a3 c4 20. Be3 Bxe4 21. Qxd3
Bxd3 22. Bxb7 Rab8 23. Bxa6 Rd6 24. Bxc4+ Bxc4 25. Rc1 Bb5 26. Bxa7 Rbd8 27. Ne3
f5 28. Rfc2 R6d7 29. Bb6 Rb8 30. Rc8+ Rxc8 31. Rxc8+ Kf7 32. b3 Rd3 33. Rc7+ Bd7
34. a4 Ke6 35. b4 Bd4 36. Bxd4 Rxd4 37. b5 Rxa4 38. b6 Rb4 39. Nc4 Ba4 40. b7
Bb3 41. Rc6+ Kd7 42. Rb6 Rxb6 43. Nxb6+ Kc7 44. Nd7 Kxb7 45. Nc5+ 1-0

[Event "41st Olympiad Women 2014"]
[Site "Tromso NOR"]
[Date "2014.08.08"]
[Round "6.13"]
[Board "2"]
[White "Alexandrova, Olga"]
[Black "Karavade, Eesha"]
[Result "1-0"]
[WhiteTitle "IM"]
[BlackTitle "IM"]
[WhiteElo "2424"]
[BlackElo "2392"]
[WhiteTeam "Spain"]
[BlackTeam "India"]
[WhiteFideId "14102463"]
[BlackFideId "5012600"]
[EventDate "2014.08.02"]

1. d4 Nf6 2. Nf3 g6 3. c4 Bg7 4. Nc3 d5 5. Bg5 Ne4 6. Bf4 Nxc3 7. bxc3 c5 8.
cxd5 Qxd5 9. e3 cxd4 10. cxd4 Nc6 11. Be2 O-O 12. O-O Bf5 13. Qa4 Qa5 14. Qxa5
Nxa5 15. Rfc1 Rac8 16. Nd2 a6 17. Bc7 Nc6 18. Bb6 Rfe8 19. g4 Be6 20. a3 Nb8 21.
Bf3 Rxc1+ 22. Rxc1 Rc8 23. Rc7 Bd7 24. Bxb7 Rxc7 25. Bxc7 Bc6 26. Bxc6 Nxc6 27.
Nb3 e6 28. Bd6 Bf8 29. Bxf8 Kxf8 30. Nc5 Nb8 31. Kf1 h6 32. Ke2 Ke7 33. Kd3 f5
34. f3 Kf6 35. h4 e5 36. g5+ hxg5 37. hxg5+ Kxg5 38. dxe5 f4 39. e6 Nc6 40. Nxa6
Kf6 41. exf4 Kxe6 42. Ke4 Ne7 43. Nc5+ Kd6 44. Nd3 Kc6 45. Ke5 Kb5 46. Kf6 Nf5
47. Ne5 Nh4 48. Kg5 1-0

[Event "41st Olympiad Women 2014"]
[Site "Tromso NOR"]
[Date "2014.08.08"]
[Round "6.13"]
[Board "3"]
[White "Gomes, Mary Ann"]
[Black "Matnadze, Ana"]
[Result "0-1"]
[WhiteTitle "WGM"]
[BlackTitle "IM"]
[WhiteElo "2352"]
[BlackElo "2385"]
[WhiteTeam "India"]
[BlackTeam "Spain"]
[WhiteFideId "5013623"]
[BlackFideId "13601377"]
[EventDate "2014.08.02"]

1. Nf3 Nf6 2. g3 e6 3. Bg2 d5 4. O-O g6 5. d3 Bg7 6. Nbd2 O-O 7. e4 c5 8. Re1
Nc6 9. Qe2 b6 10. Nf1 e5 11. Ne3 dxe4 12. dxe4 Nd4 13. Nxd4 cxd4 14. Rd1 Bb7 15.
c3 Nxe4 16. Nc2 f5 17. cxd4 Qc8 18. Qd3 Ba6 19. Qb3+ Bc4 20. Qa3 Be2 21. Qb3+
Kh8 22. Re1 Bc4 23. Qe3 Ba6 24. Nb4 exd4 25. Qa3 Bc4 26. Nd3 Re8 27. Rd1 a5 28.
f3 Bxd3 29. Qxd3 Nc5 30. Qb5 Qe6 31. Bd2 d3 32. Re1 Qd7 33. Qxd7 Nxd7 34. f4
Bd4+ 35. Kh1 Rac8 36. Rxe8+ Rxe8 37. Bc6 Re2 38. Rd1 Nc5 39. Bc3 Bxc3 40. bxc3
d2 41. Bf3 Re1+ 42. Kg2 Ne4 0-1